000 00443nam a2200181Ia 4500
001 21335
005 20260306172911.0
008 260306t2015||||xx |||||||||||||| ||spa||
041 _aESP
082 _a344.528
_bC32
100 _aCastillo Alva, José Luis
_eAUT
245 0 _aEl delito de negociación incompatible
260 _c2015
300 _a446 páginas :
_c25 cm.
650 _aGEN
654 _aCDE
942 _cLIB
_dJUS
_fJUS
_2ddc
_n
999 _c21335
_d21335